A. WESLEY POWELL LEARNING RESOURCE CENTRE (WPLRC)

Wonderful Place to Learn, Research & Collaborate

The practice of nursing research : (Record no. 251)

MARC details
000 -LEADER
fixed length control field 01378cam a22003854a 4500
001 - ACCESSION NUMBER
control field 39137,39136
003 - CONTROL NUMBER IDENTIFIER
control field OSt
005 - DATE AND TIME OF LATEST TRANSACTION
control field 20140911102926.0
008 - FIXED-LENGTH DATA ELEMENTS--GENERAL INFORMATION
fixed length control field 040825s2005 moua b 001 0 eng
016 7# - NATIONAL BIBLIOGRAPHIC AGENCY CONTROL NUMBER
Record control number 101228197
Source DNLM
020 ## - INTERNATIONAL STANDARD BOOK NUMBER
International Standard Book Number 0721606261 (hbk.)
020 ## - INTERNATIONAL STANDARD BOOK NUMBER
International Standard Book Number 9780721606262 (hbk.)
035 ## - SYSTEM CONTROL NUMBER
System control number (OCoLC)ocm56414977
040 ## - CATALOGING SOURCE
Original cataloging agency DNLM/DLC
Transcribing agency DLC
Modifying agency YDX
-- NLM
-- IFK
-- BAKER
-- UWC
-- NLGGC
-- BTCTA
-- LVB
-- YDXCP
-- DLC
042 ## - AUTHENTICATION CODE
Authentication code pcc
050 00 - LIBRARY OF CONGRESS CALL NUMBER
Classification number RT81.5
Item number .B86 2005
060 00 - NATIONAL LIBRARY OF MEDICINE CALL NUMBER
Classification number 2004 O-075
060 10 - NATIONAL LIBRARY OF MEDICINE CALL NUMBER
Classification number WY 20.5
Item number B967p 2005
082 00 - DEWEY DECIMAL CLASSIFICATION NUMBER
Classification number 610.73/072
Edition number 22
084 ## - OTHER CLASSIFICATION NUMBER
Classification number 610.73'072
Number source bcl
100 1# - MAIN ENTRY--PERSONAL NAME
Personal name Burns, Nancy
Fuller form of name (Nancy Ann)
245 14 - TITLE STATEMENT
Title The practice of nursing research :
Remainder of title conduct, critique, and utilization /
Statement of responsibility, etc. Nancy Burns, Susan K. Grove.
250 ## - EDITION STATEMENT
Edition statement 5th ed.
260 ## - PUBLICATION, DISTRIBUTION, ETC. (IMPRINT)
Place of publication, distribution, etc. St. Louis, Mo. :
Name of publisher, distributor, etc. Elsevier/Saunders,
Date of publication, distribution, etc. c2005.
300 ## - PHYSICAL DESCRIPTION
Extent xix, 780 p. :
Other physical details ill. (some col.) ;
Dimensions 25 cm.
504 ## - BIBLIOGRAPHY, ETC. NOTE
Bibliography, etc Includes bibliographical references and index.
600 ## - SUBJECT ADDED ENTRY--PERSONAL NAME
Source of heading or term Nursing Research
650 #0 - SUBJECT ADDED ENTRY--TOPICAL TERM
Topical term or geographic name as entry element Nursing
General subdivision Research
-- Methodology.
650 12 - SUBJECT ADDED ENTRY--TOPICAL TERM
Topical term or geographic name as entry element Nursing Research.
650 22 - SUBJECT ADDED ENTRY--TOPICAL TERM
Topical term or geographic name as entry element Evidence-Based Medicine.
700 1# - ADDED ENTRY--PERSONAL NAME
Personal name Grove, Susan K.
906 ## - LOCAL DATA ELEMENT F, LDF (RLIN)
a 7
b cbc
c orignew
d 1
e ocip
f 20
g y-gencatlg
942 ## - ADDED ENTRY ELEMENTS (KOHA)
Source of classification or shelving scheme Dewey Decimal Classification
Koha item type Books
Holdings
Withdrawn status Lost status Source of classification or shelving scheme Damaged status Not for loan Home library Current library Date acquired Total Checkouts Full call number Barcode Date last seen Price effective from Koha item type
    Dewey Decimal Classification   Not For Loan Wesley Powell Learning Resource Centre Wesley Powell Learning Resource Centre 09/11/2014   RBC/610.73072 BUR 39136 09/11/2014 09/11/2014 Books
    Dewey Decimal Classification     Wesley Powell Learning Resource Centre Wesley Powell Learning Resource Centre 09/11/2014   RBC/610.73072 BUR 39137 09/11/2014 09/11/2014 Books